000
00234nam a22000977a 4500
008
170112b xxu||||| |||| 00| 0 eng d
041
_a
eng
080
_a
612.8
245
_a
ANNUAL REVIEW IN FAMILY MEDICINE
_c
WAXMAN, N.L
942
_2
udc
_c
BK
999
_c
2819
_d
2819